Statistics for Simon Pegg Films

Click here to take the quiz!

General Stats

  • This quiz has been taken 684 times
  • The average score is 7 of 34

Answer Stats

HintAnswer% Correct
2004Shaun Of The Dead
94%
2007Hot Fuzz
93%
2013The World's End
77%
2011Paul
67%
2013Star Trek Into Darkness
61%
2009Star Trek
61%
2007Run Fatboy Run
59%
2006Mission Impossible: III
49%
2011Mission Impossible: Ghost Protocol
49%
2008How To Lose Friends & Alienate People
23%
2011The Adventures Of Tintin: The Secret Of The Unicorn
13%
2012A Fantastic Fear Of Everything
10%
2010Burke And Hare
10%
2006Big Nothing
8%
2013 [Uncredited]Cuban Fury
7%
2009Ice Age 3: Dawn Of The Dinosaurs
7%
2005Land Of The Dead
6%
2010The Chronicles Of Narnia: Voyage Of The Dawn Treader
5%
2012Ice Age 4: Continental Drift
5%
2001The Parole Officer
4%
1999Guest House Paradiso
4%
2006The Good Night
4%
2005The League Of Gentlemen's Apocalypse
3%
2006Free Jimmy
3%
200224 Hour Party People
3%
2007 [Uncredited]Grindhouse
3%
2005Spider-Plant Man
2%
2002The Reckoning
2%
2007 [Uncredited]Diary Of The Dead
2%
1999Tube Tales
2%
2004Sex & Lies
1%
2003Final Demand
1%
1998Live From The Lighthouse
1%
1997Western Lights: Laugh Until You Die
0%

Score Distribution

Percentile by Number Answered

Percent of People with Each Score

Your Score History

You have not taken this quiz